Normal view
MARC view
- Functionalism (Linguistics)
Entry Topical Term
001 - CONTROL NUMBER
- control field: 40300
003 - CONTROL NUMBER IDENTIFIER
- control field: OSt
005 - DATE AND TIME OF LATEST TRANSACTION
- control field: 20160622130241.0
008 - FIXED-LENGTH DATA ELEMENTS
- fixed length control field: 160622|| aca||babn | a|a d
040 ## - CATALOGING SOURCE
- Original cataloging agency: OSt
150 ## - HEADING--TOPICAL TERM
- Topical term or geographic name as entry element: Functionalism (Linguistics)
450 ## - SEE FROM TRACING--TOPICAL TERM
- Topical term or geographic name entry element: Functional analysis (Linguistics)
450 ## - SEE FROM TRACING--TOPICAL TERM
- Topical term or geographic name entry element: Functional grammar
450 ## - SEE FROM TRACING--TOPICAL TERM
- Topical term or geographic name entry element: Functional linguistics
450 ## - SEE FROM TRACING--TOPICAL TERM
- Topical term or geographic name entry element: Functional-structural analysis (Linguistics)
450 ## - SEE FROM TRACING--TOPICAL TERM
- Topical term or geographic name entry element: Grammar, Functional
450 ## - SEE FROM TRACING--TOPICAL TERM
- Topical term or geographic name entry element: Grammatical functions
550 ## - SEE ALSO FROM TRACING--TOPICAL TERM
- Topical term or geographic name entry element: Linguistics
550 ## - SEE ALSO FROM TRACING--TOPICAL TERM
- Topical term or geographic name entry element: Structural linguistics